000 00433nam a22001697a 4500
003 CEME
005 20210628210420.0
008 210208b xxu||||| |||| 00| 0 eng d
040 _c.
082 _a891.4391 MUZ
100 _aMuzaffar Warsi Warsi, Muzaffar
_979174
245 _aRakh kay dhar main phool
260 _aLAHORE
_bALQAMAR ENTERPRISES
_c1996
300 _a224P
650 _aURDU ADAB-POETRY
_928226
942 _cBK
_2ddc
999 _c584353
_d584353